LDR 01213naa#a2200181#i#450# 001 RU\\bibl\118261 005 20260501040853.5 011 ## _a1729-9187 100 ## _a20260330b2026####ek#y0rusy0150####ca 102 ## _aRU 200 1# _aПрименение технологий виртуальной и дополненной реальности в образовательном процессе образовательных организаций МВД России _eЖурнальная статья 210 1# _aУфа _cУфимский юридический институт МВД России _d2026 215 ## _a8 с. 608 ## _aЖурнальная статья _2local 675 ## _aСпециальные высшие учебные заведения. 378.6 _aОрганы охраны общественного порядка. Милиция. Полиция. 351.74 _aИнформационные технологии. Компьютерные технологии. Теория вычислительных машин и систем. 004 _z 700 #1 _aНугаева _gЭльвира Дамировна 700 #1 _aСезонова _gТатьяна Владимировна 856 4# _aobshtestvo-uyi.editorum.ru _u